What's the alternative? (Record no. 74357)

MARC details
000 -LEADER
fixed length control field 01704cab a2200253 4500
001 - CONTROL NUMBER
control field ABS67652
008 - FIXED-LENGTH DATA ELEMENTS--GENERAL INFORMATION
fixed length control field 040402n2004 000 0 eng u
035 ## - SYSTEM CONTROL NUMBER
System control number (Sirsi) u125739
100 ## - MAIN ENTRY--PERSONAL NAME
Personal name Catterall, S.
245 ## - TITLE STATEMENT
Title What's the alternative?
260 ## - PUBLICATION, DISTRIBUTION, ETC.
Date of publication, distribution, etc. 2004
490 ## - SERIES STATEMENT
Series statement Estates Gazette
Volume/sequential designation (0410) 6 March 2004, 176-177(2)
520 ## - SUMMARY, ETC.
Summary, etc. Discusses recent case law looking at whether alternative sites are material in an application for planning permission. "Trust House Forte Hotels Ltd v SoS Environment and another" ([1986] JPL 834) established three basic principles: i) that where a site can be developed in a way that is satisfactory in terms of planning, alternative sites would not have to be considered, ii) alternative sites may be considered where there are planning objections and iii) the planning authority may reasonably conclude that alternatives do exist even if they are not identified. "R v Mansfield DC ex p Jones" ([2003] EWCA Civ 1408, [2003] PLSCS 227) left open the possibility of refusing an application on the basis that a better alternative site was available. "Phillips v First SoS" ([2003] EWHC 2415 (Admin), [2003] 44 EG 169 (CS)) sets out how planning authorities should deal with any development where planning policies require a consideration of alternative sites.
590 ## - LOCAL NOTE (RLIN)
Local note ABS
650 ## - SUBJECT ADDED ENTRY--TOPICAL TERM
Topical term or geographic name entry element ALTERNATIVE SITES
650 ## - SUBJECT ADDED ENTRY--TOPICAL TERM
Topical term or geographic name entry element MATERIAL CONSIDERATIONS
650 ## - SUBJECT ADDED ENTRY--TOPICAL TERM
Topical term or geographic name entry element PLANNING OBJECTIONS
650 ## - SUBJECT ADDED ENTRY--TOPICAL TERM
Topical term or geographic name entry element TRUST HOUSE FORTE HOTELS LTD V SOS ENVIRONMENT AND ANOTHER
650 ## - SUBJECT ADDED ENTRY--TOPICAL TERM
Topical term or geographic name entry element R V MANSFIELD DC EX P JONES
650 ## - SUBJECT ADDED ENTRY--TOPICAL TERM
Topical term or geographic name entry element PHILLIPS V FIRST SOS
650 ## - SUBJECT ADDED ENTRY--TOPICAL TERM
Topical term or geographic name entry element PLANNING POLICY
690 ## - LOCAL SUBJECT ADDED ENTRY--TOPICAL TERM (OCLC, RLIN)
Topical term or geographic name as entry element ENVIRONMENTAL AND LAND CONSULTANCY-PLANNING AND DEVELOPMENT
942 ## - ADDED ENTRY ELEMENTS (KOHA)
Suppress in OPAC 0
Holdings
Withdrawn status Lost status Source of classification or shelving scheme Damaged status Not for loan Home library Current library Shelving location Date acquired Total Checkouts Full call number Barcode Date last seen Copy number Price effective from Koha item type
    Dewey Decimal Classification     London London Journal article 02/04/2004   ABS67652 125739-1001 06/08/2019 1 06/08/2019 Journal article